| 000 | 00574nam a2200193Ia 4500 | ||
|---|---|---|---|
| 005 | 20250702140742.0 | ||
| 008 | 210303s9999 xx 000 0 und d | ||
| 016 | _2reto2022b | ||
| 040 |
_aNLN _bEnglish _eAACR2 |
||
| 050 |
_aDS35 _b.E84 |
||
| 082 | _a950.4 | ||
| 100 |
_aETINGER, IAkov IAkovlevich _eaut _946049 |
||
| 245 | 4 |
_aThe policy of non-alignment / _cIAkov IAkovlevich Etinger |
|
| 260 |
_aMoscow : _bProgress Publishers, _c1965 |
||
| 300 |
_a139p. ; _b20cm. |
||
| 563 | _a(pbk) | ||
| 650 |
_aNewly independent states _vPolitics and government _965942 |
||
| 942 | _cBK | ||
| 999 |
_c24842 _d24842 |
||